| 000 | 00359nam a22001217a 4500 | ||
|---|---|---|---|
| 082 | _a220 PRO | ||
| 100 |
_aABDUL SAIM,TAYYAB,NABEEL,USMAN _972202 |
||
| 245 | _aPR-SOF-1140-DESIGN OF HEAT EXCHANGERS FOR COMPUTING CLUSTERS | ||
| 260 |
_aISLAMABD _bNUST COLLEGE OF EME _c2012 |
||
| 650 |
_a DE-MECH-30 _972203 |
||
| 700 |
_aSAIF ULLAH KHALID _972204 |
||
| 942 | _cCR | ||
| 999 |
_c578344 _d578344 |
||